| 000 | 00812cam a2200229 a 4500 | ||
|---|---|---|---|
| 001 | 000018817 | ||
| 005 | 20260202095302.0 | ||
| 008 | 100519s1996 mx 000 0 spa d | ||
| 040 |
_aDO-SdBNP _bspa _cBNPHU |
||
| 082 |
_a291.4 _bF333m |
||
| 100 | 1 |
_aFenimore, Angie _940569 |
|
| 240 | 1 | 0 |
_aMás allá de la oscuridad _lEspañol |
| 245 | 1 | 0 |
_aMás allá de la oscuridad : _bMi viaje a la muerte y al filo del infierno / _cAngie Fenimore ; traductor Irving Roffe. |
| 260 |
_aMéxico : _bEditorial Grijalbo, _c1996. |
||
| 300 |
_a154 p. ; _c22 cm. |
||
| 534 |
_aTítulo original: _tBeyond the darkness. My near-deach journey to the edge of hell. |
||
| 650 | 0 |
_aEspiritualidad _9613 |
|
| 650 | 0 |
_aVida espiritual _9268 |
|
| 700 | 1 |
_aRoffe, Irving _etr. _911615 |
|
| 700 | 1 |
_aEadie, J. Betty _940570 |
|
| 049 | _aBNGR | ||
| 999 |
_c18337 _d18337 |
||